A favor y en contra: periodismo impreso, movimiento magisterial y educación
El texto es consecuencia del análisis de 1871 notas periodistas que, publicadas en los distintos medios impresos de Guatemala, y que circularon en septiembre de 2002 y mayo de 2003, abordan desde distintos ángulos, sentidos y procedimientos, distintos aspectos vinculados de manera directa con el sis...
সংরক্ষণ করুন:
| প্রধান লেখক: | |
|---|---|
| বিন্যাস: | পাঠ্য |
| প্রকাশিত: |
Ciudad de Guatemala:
FLACSO
|
| বিষয়গুলি: | |
| ট্যাগগুলো: |
ট্যাগ যুক্ত করুন
কোনো ট্যাগ নেই, প্রথমজন হিসাবে ট্যাগ করুন!
|
MARC
| LEADER | 00000 a a2200000 04500 | ||
|---|---|---|---|
| 001 | 33990 | ||
| 003 | |||
| 040 | |||
| 020 | |a 99939-72-19-3 | ||
| 090 | |a 0104 A445a | ||
| 100 | |a Alvarez Aragón, Virgilio | ||
| 245 | |a A favor y en contra: periodismo impreso, movimiento magisterial y educación | ||
| 260 | |a Ciudad de Guatemala: |b FLACSO | ||
| 300 | |a 158 p. | ||
| 520 | |a El texto es consecuencia del análisis de 1871 notas periodistas que, publicadas en los distintos medios impresos de Guatemala, y que circularon en septiembre de 2002 y mayo de 2003, abordan desde distintos ángulos, sentidos y procedimientos, distintos aspectos vinculados de manera directa con el sistema escolar guatemalteco. Resulta claro que los medios impresos, como la sociedad en su conjunto, viven la contradicción permanente entre estar a favor o en contra de determinadas acciones, procesos y comportamientos, por lo que el texto no es un juicio de valor sobre el qué hacer de estos medios en relación con el sistema escolar, sus instituciones y sus actores, sino un esfuerzo por presentar de manera ordenada y sistemática las distintas visiones y aristas que el tema puede presentar | ||
| 650 | |a MEDIOS DE COMUNICACION DE MASAS | ||
| 650 | |a NOTICIAS DE PRENSA | ||
| 650 | |a ANALISIS DE CONTENIDO | ||
| 650 | |a EDUCACION | ||
| 650 | |a GUATEMALA | ||
| 650 | |a MOVIMIENTOS SOCIALES | ||
| 650 | |a DOCENTES | ||
| 999 | |c 14120 |d 14120 | ||



